000 01033cab a2200277 4500
001 ABS46440
008 090401t1992 xxu||||| |||| 00| 0 eng d
035 _a(Sirsi) u58239
041 _aeng
100 _aLangdon,
245 _aConstruction in the Philippines
260 _c1992
350 _a0
490 _aCost Engineer
_v30(3) May 1992, 11-14(2)
520 _aOverview of the Philippines` construction industry, set in the context of an uneasy and sluggish economy. The advantages of local labour skills and wages, and the availability of basic materials are noted, and a costing postulated. Future prospects are addressed, with the need for five areas of policy change identified.
650 _aBUILT ENVIRONMENT-BUILDING COSTS
650 _aBUILT ENVIRONMENT-BUILDING MATERIALS
650 _aCONSTRUCTION INDUSTRY
650 _aFAR EAST
650 _aPHILIPPINES
650 _aSOUTHEAST ASIA
690 _aBUILT ENVIRONMENT
690 _aOVERSEAS-REST OF THE WORLD
942 _n0
948 _c04/03/1997
999 _c35535
_d35535